Statistiques concernant Départements français par superficie forestière (en %)

Cliquez ici pour prendre le quiz!

Statistiques générales

  • Ce quiz a été pris 147 fois
  • Le résultat moyen est 12 sur 15

Statistiques - réponses

RégionForêts (en %)Département% Correct
Outre-Mer99Guyane
99%
Corse56Corse-du-Sud
94%
Nouvelle-Aquitaine62Landes
92%
Outre-Mer53La Réunion
91%
Provence-Alpes-Côte d'Azur58Var
91%
Provence-Alpes-Côte d'Azur52Alpes-Maritimes
87%
Outre-Mer43Martinique
87%
Provence-Alpes-Côte d'Azur49Alpes-de-Haute-Provence
82%
Nouvelle-Aquitaine48Gironde
81%
Grand Est48Vosges
80%
Bourgogne-Franche-Comté44Jura
73%
Auvergne-Rhône-Alpes45Ardèche
70%
Auvergne-Rhône-Alpes43Drôme
67%
Nouvelle-Aquitaine45Corrèze
64%
Occitanie45Lozère
59%

Distribution des résultats

Percentile par nombre de réponses

% des personnes avec chaque résultat

Votre développement - résultats

Vous n’avez pas pris ce quiz